<?xml version="1.0" encoding="UTF-8"?>
<collection xmlns="http://www.loc.gov/MARC21/slim">
<record>
  <controlfield tag="001">308563</controlfield>
  <controlfield tag="005">20240928181449.0</controlfield>
  <datafield tag="035" ind1=" " ind2=" ">
    <subfield code="a">G:(GEPRIS)28567861</subfield>
  </datafield>
  <datafield tag="024" ind1="7" ind2=" ">
    <subfield code="a">G:(GEPRIS)28567861</subfield>
    <subfield code="d">28567861</subfield>
  </datafield>
  <datafield tag="040" ind1=" " ind2=" ">
    <subfield code="a">GEPRIS</subfield>
    <subfield code="c">http://gepris.its.kfa-juelich.de</subfield>
  </datafield>
  <datafield tag="150" ind1=" " ind2=" ">
    <subfield code="a">FOR 801: Strong Correlations in Multiflavor Ultracold Quantum Gases</subfield>
    <subfield code="y">2007 - 2014</subfield>
  </datafield>
  <datafield tag="371" ind1=" " ind2=" ">
    <subfield code="a">Professor Dr. Immanuel Bloch</subfield>
  </datafield>
  <datafield tag="450" ind1=" " ind2=" ">
    <subfield code="a">DFG project G:(GEPRIS)28567861</subfield>
    <subfield code="w">d</subfield>
    <subfield code="y">2007 - 2014</subfield>
  </datafield>
  <datafield tag="510" ind1="1" ind2=" ">
    <subfield code="a">Deutsche Forschungsgemeinschaft</subfield>
    <subfield code="0">I:(DE-588b)2007744-0</subfield>
    <subfield code="b">DFG</subfield>
  </datafield>
  <datafield tag="680" ind1=" " ind2=" ">
    <subfield code="a">In der von Mainz aus koordinierten überregionalen Forschergruppe stehen die Untersuchungen von stark wechselwirkenden Vielteilchenphänomenen mithilfe von ultrakalten atomaren Gasen im Zentrum. Mithilfe dieser gasförmigen Atomwolken, bei Temperaturen nur ein millionstel Kelvin oberhalb des absoluten Temperaturnullpunkts, soll ein besseres Verständnis über das komplexe kollektive Verhalten vieler stark wechselwirkender Atome erreicht werden. Dabei stehen niedrig-dimensionale Systeme, Systeme mit mehreren Spin-Freiheitsgraden und Systeme mit Unordnung im Vordergrund der Untersuchungen. Letztere sind z. B. entscheidend für die Beeinflussung des Ladungstransports und damit der Leitfähigkeit in realen Materialien. Die Forschergruppe verbindet die Expertise von drei theoretischen und drei experimentellen Arbeitsgruppen aus ganz Deutschland zu einem Forschungsverbund. Teilnehmende Hochschulen sind neben der Universität Mainz die Universitäten Hamburg, Aachen, Frankfurt und München (LMU und TUM). Die experimentellen Gruppen aus Hamburg, Mainz und München werden sich dabei der Untersuchung entarteter Quantengase, speziell mehrkomponentiger Spin-Systeme, Bose-Fermi-und Fermi-Fermi-Mischungen, widmen. Die Vielteilchensysteme werden dabei zum Teil in künstlichen Kristallen aus Licht, sogenannten optischen Gittern, hergestellt, zum Teil werden aber auch fundamentale Systeme in harmonischen optischen und magnetischen Fallen eingesetzt. Durch einen koordinierten Einsatz der theoretischen Gruppen in Aachen, Frankfurt und München werden solche Systeme mit numerischen und analytischen Methoden beschrieben und ihr kollektives Verhalten daraus abgeleitet. Die enge Verknüpfung zwischen Experiment und Theorie eröffnet dabei einmalige Möglichkeiten zur Untersuchung fundamentaler Fragen der Vielteilchenphysik stark korrelierter Systeme, wie z.B. der Konkurrenz zwischen Anderson- und Mott-isolierenden Phasen in perfekt kontrollierten und abstimmbaren Systemen.</subfield>
  </datafield>
  <datafield tag="909" ind1="C" ind2="O">
    <subfield code="o">oai:juser.fz-juelich.de:975438</subfield>
    <subfield code="p">authority:GRANT</subfield>
    <subfield code="p">authority</subfield>
  </datafield>
  <datafield tag="980" ind1=" " ind2=" ">
    <subfield code="a">G</subfield>
  </datafield>
  <datafield tag="980" ind1=" " ind2=" ">
    <subfield code="a">AUTHORITY</subfield>
  </datafield>
  <datafield tag="909" ind1="C" ind2="O">
    <subfield code="o">oai:juser.fz-juelich.de:975438</subfield>
  </datafield>
</record>
</collection>